000 00578nam a2200181 4500
001 122657
003 ES-MaACL
005 20260227182736.0
007 t|
008 070214s1970 sp r ||||1| spa d
110 0 _aResidencia Sanitaria de la Seguridad Social Ruiz de Alda
_96441
245 1 0 _aProblemas médicos del preoperatorio
_b: (Mesas Redondas).
260 _aGranada :
_b[s. n.],
_c1970.
300 _a95 p. ;
_c22 cm.
500 _aEs tirada aparte de: Actualidad Médica., noviembre de 1969.
852 _aES-MaACL
_jC-44108
_bR.74390
999 _c122657
_d122657